Nazwij zawodnika NBA po opisie - Statystyki

Ogólne statystyki
  • Ten quiz został rozwiązany 154 razy
  • Średni wynik to 1 z 5
Statystyki odpowiedzi
Opis Koszykarz % Poprawnych
Ma twarz jak strach na wróble, zawodnik Dallas Mavericks Boban Marjanovic
77%
Pan Wiesiu z Los Angeles Lakers Alex Caruso
43%
Ma śmieszną twarz, gra w Los Angeles Lakers Jared Dudley
8%
W grach komputerowych źle piszą jego imię, gra w Sacramento Kings Coby Joseph
5%
Ma dziwne nazwisko, zawodnik Boston Celtics Semi Olejeje
5%
Nie znaleziono quizów pasujących do podanych kryteriów
Rozkład punktacji
Procent ludzi z każdym wynikiem
Percentyl według liczby udzielonych odpowiedzi
Twoja historia wyników
Nie rozwiązałeś tego quizu